Biblioteca

La Septuaginta : (Registro nro. 69320)

Detalles MARC
000 -LÍDER
Campo fijo de descripción fija 01693nam a2200349 i 4500
001 - NÚMERO DE CONTROL
Campo de control 768714001
003 - IDENTIFICADOR DEL NÚMERO DE CONTROL
Campo de control CO-MdFUSB
005 - FECHA Y HORA DE LA ULTIMA TRANSACCIÓN
control field 20240318155317.0
007 - CAMPO FIJO DE DESCRIPCIÓN FIJA--INFORMACIÓN GENERAL
Campo fijo de descripción fija ta
008 - ELEMENTOS DE LONGITUD FIJA -- INFORMACIÓN GENERAL
Campo fijo de descripción fija -- Información general 240308t2022 -us |||| |||| 00| 0 spa d
020 ## - NÚMERO INTERNACIONAL NORMALIZADO PARA LIBROS
Número Internacional Normalizado del libro 9781956778182
040 ## - FUENTE DE CATALOGACIÓN
Agencia de catalogación original CO-MdFUSB
Idioma de catalogación spa
Agencia que realiza la transcripción CO-MdFUSB
Agencia que realiza la modificación CO-MdFUSBC
Convenciones de la descripción rda
041 ## - CÓDIGO DE IDIOMA
Código de idioma para texto/pista de sonido o título separado spa
Código de idioma original eng
082 ## - NÚMERO DE CLASIFICACIÓN DECIMAL DEWEY
Número de la edición del Dewey 23
Número de clasificación 220.48
Clave de autor-Numero de item L287
100 ## - ASIENTO PRINCIPAL--NOMBRE PERSONAL
Nombre personal Lanier, Gregory R. ‎
Término relacionador autor
240 ## - TITULO UNIFORME
Título uniforme <a href="The septuagint: what it is and why it matters">The septuagint: what it is and why it matters</a>
245 ## - TÍTULO
Título del Material La Septuaginta :
Parte restante del título - Subtitulo qué es y por qué es importante
Mención de responsabilidad, etc. / Gregory R. Lanier , William A. Ross ; traducido por Janín Díaz , Saúl Sarabia
264 #1 - PRODUCCIÓN, PUBLICACIÓN, DISTRIBUCIÓN, MANUFACTURA, Y COPYRIGHT
Nombre del productor, publicador, distribuidor Publicaciones Kerigma,
Lugar de producción, publicación, distribución, manufactura Oregón, Estados Unidos :
Fecha de producción, publicación, distribución, manufactura, o copyright [2002]
264 #4 - PRODUCCIÓN, PUBLICACIÓN, DISTRIBUCIÓN, MANUFACTURA, Y COPYRIGHT
Fecha de producción, publicación, distribución, manufactura, o copyright ©2002
300 ## - DESCRIPCIÓN FÍSICA
Extensión 165 páginas
Dimensiones ; 23 cm
336 ## - TIPO DE CONTENIDO
Fuente rdacontent
Término de tipo de contenido texto
Código de tipo de contenido txt
337 ## - TIPO DE MEDIO
Fuente rdamedia
Nombre del tipo de medio sin mediación
Código del tipo de medio n
338 ## - TIPO DE SOPORTE
Fuente rdacarrier
Nombre del tipo de soporte volumen
Código Tipo de soporte nc
505 ## - NOTA DE CONTENIDO
Título Parte I: ¿ Qué es la Septuaginta?:
Nota de contenido con formato preestablecido ¿Qué es (si es que existe) la Septuaginta? -- ¿De quién es y de dónde procede el Antiguo Testamento griego? --¿Cómo se tradujo el Antiguo Testamento griego? -- ¿Cómo se desarrolló el Antiguo Testamento griego?
Título Parte II: ¿Por qué es importante?:
Nota de contenido con formato preestablecido ¿Por qué la Septuaginta es importante para el estudio del Antiguo Testamento? -- ¿Por qué la Septuaginta es importante para el estudio del Nuevo Testamento? -- ¿Qué tipo de autoridad tiene la Septuaginta? -- Apéndice: diez preguntas clave sobre la Septuaginta
563 ## - NOTA DE ENCUADERNACIÓN
Nota de encuadernación Rústico
653 ## - TÉRMINO DE INDIZACIÓN - NO CONTROLADO
Término no controlado Septuaginta
700 ## - ASIENTO SECUNDARIO - NOMBRE PERSONAL
Nombre personal Ross, William A.,
9 (RLIN) 9158
Responsabilidad autor
700 ## - ASIENTO SECUNDARIO - NOMBRE PERSONAL
Nombre personal Díaz, Janín,
9 (RLIN) 9159
Responsabilidad traductor
700 ## - ASIENTO SECUNDARIO - NOMBRE PERSONAL
Nombre personal Sarabia, Saúl,
9 (RLIN) 9160
Responsabilidad traductor
942 ## - TIPO DE MATERIAL (KOHA)
Tipo de Item KOHA Libros General
945 ## - INFORMACIÓN LOCAL DEL REGISTRO
Catalogador JTF-925
Existencias
Estado de Material Estado de Perdido Forma de Clasificación Estado de Dañado No para Préstamo Colección Biblioteca de Origen Biblioteca Permanente Fecha de Adquisición Área Total de Préstamos Signatura Topográfica Código de Barras Última vez visto Ejemplar/Existencia Fecha de Remplazo Tipo de Material
    Dewey Decimal Classification     Colección General Biblioteca FUSBC Biblioteca FUSBC 08/03/2024 BIBLIA   G 220.48 L287s 22291 08/03/2024 Ej. 1 08/03/2024 Libros General

Biblioteca FUSBC | Teléfono: (57+4) 349 88 10 Ext. 141| WhatsApp (+57) 3005338115 
E-mail: biblioteca@unisbc.edu.co | Calle 76 87-14 Robledo Palenque, Medellín, Colombia

Con tecnología Koha